000 00612nam a22001697a 4500
008 211026b ||||| |||| 00| 0 eng d
020 _a0262550423
050 _aHC59.72.P6 E17 2001
100 _aEasterly, William
_950675
245 _aThe elusive quest for growth
_beconomists adventures and misadventures in the Tropics
_cby William Easterly
260 _aCambridge:
_bMIT Press
_c2002
300 _axiii, 342p.;
_c23cm.
650 _xDeveloping countries
_950676
_aPoor
650 _aPoverty
_xDeveloping countries
_921333
650 _aDeveloping countries
_xEconomic policy
_928701
942 _2lcc
_cMONOGRAPH
999 _c130976
_d130976